000 01330nac a22002657a 4500
003 Co-PeBPM
005 20240325223234.0
007 ta
008 240325s2023 |||||||| |||| 00| 0 spa d
020 _a9786289561531
040 _aCo-PeBPM
_bspa
_cCo-PeBPM
_erda
041 _aspa
082 0 4 _aCo863 C133v
_222
100 1 _aCaicedo J., Cecilia
_eautora
245 1 0 _aVerdes sueños
_b: novela
_c/ Cecilia Caicedo J.
250 _aCuarta edición
260 _aPereira
_b: Klepsidra Editores,
_c2023
300 _a182 páginas
_c21 centímetros
500 _aContiene datos biográficos de la autora en la solapa del texto
520 _aEs una novela histórica. Y más que histórica, o mejor que histórica, es la novela de una ciudad. La autora no se vale de ningún artificio, no lo necesita, para llevarnos de la mano por la historia de su ciudad, narrada como un cuento, que nace de unas hostias por los gusanos, y que en su crianza combina la fe religiosa, la creencia ciega y devota, el amor por los Reyes remotos a quienes se les debe obediencia y lealtad imprescriptibles, con el cultivo de las letras, y la aparición de dos hombres excepcionales...
546 _aAporte Kepsidra Editores, Noviembre de 2023
650 1 0 _aLiteratura colombiana
_2Lemb
650 1 0 _aNovela colombiana
_2Lemb
942 _2ddc
_cBK
_n0
999 _c26668
_d26668